000 00941nam a22002295i 4500
001 152246
003 ES-MaACL
005 20230906204611.0
008 051013s1878 fr | |||||||| ||fre d
040 _aCAM
_bspa
_cCAM
100 1 _aBlegny, Nicolas de.
_929467
245 1 3 _aLe livre commode des adresses de Paris pour 1692 /
_cpar Abraham du Pradel (Nicolas de Blegny) ; suivi d'appendices, précédé d'une introduction, et annoté par Edouard Fournier.
260 _aParis :
_bPaul Daffis,
_c1878 (
_eNogent-le-Rotrou :
_fImprimerie Gouverneur, G. Daupeley)
300 _a2 v. (LX, 321; 399 p.) ;
_c16 cm.
490 1 _aBibliotheque elzevirienne ;
_v164-165
598 _aLa serie consta en el lomo.
651 4 _aParís-
_xDirectorios-
_yS.XVII.
_9154547
700 0 _aFournier, Edouard.
_951978
830 0 _aBibliotheque elzevirienne ;
_v164-165
_9180979
852 _aES-MaACL
_jG-2260-61
_z-- Enc. tela
999 _c152246
_d152246